| 000 | 00809nam a22002057a 4500 | ||
|---|---|---|---|
| 003 | 0 | ||
| 005 | 20250206173548.0 | ||
| 008 | 250206b xxu||||| |||| 00| 0 eng d | ||
| 050 |
_aTA 340 _b.Sa26 2023 |
||
| 100 | _aSamiley, John Michael L. | ||
| 245 |
_aTraffic analytics: _bpredicted danger probabilities from collected traffic surveillance data. _cJohn Michael L. Samiley |
||
| 260 |
_aLas Pinas City _bSouthville International School and Colleges _c2023 |
||
| 300 |
_axii, 75 pages; _c28cm. |
||
| 500 | _aBachelor of Science in Information Technology. | ||
| 504 | _aIncludes bibliographical references and appendices. | ||
| 650 | _a Traffic safety — Data analysis. | ||
| 650 | _aTraffic engineering — Predictive models. | ||
| 650 | _aTraffic — Risk assessment and prediction. | ||
| 942 |
_2lcc _cTH |
||
| 999 |
_c367153 _d367153 |
||